000 00612nam a2200157Ia 4500
008 100122s9999 xx 000 0 und d
082 _b70934
_a181.4
100 _aओशो
245 _aज्योतिष आहे विज्ञान अद्वैताचं
250 _a1
260 _bजीवन जागृती केंद्र प्रकाशन
_c1991
300 _a73
630 _aज्योतिष आहे विज्ञान अद्वैताचं
730 _aज्योतिष आहे विज्ञान अद्वैताचं
942 _cBOOK
999 _c388679
_d388676